000 00803nam a2200253 i 4500
001 114565
003 ES-MaACL
005 20250902220829.0
007 t|
008 070309s1969 sp ||||1| spa d
080 _a624.0
100 1 _aSchreyer.
_9104703
245 1 0 _aEstática de las estructuras /
_cSchreyer, Ramm, Wagner ; traductor, Francisco J. Segovia Espiau ; revisión, Juan Batanero.
260 _aMadrid :
_bBlume,
_c[1969]
300 _a3 v. ;
_c25 cm.
505 8 _aContiene: Tº, 2-3-4
650 7 _aEstructuras (Construcción)
_2embne
_9136283
700 1 _aSegovia Espiau, Francisco Javier.
_9105156
700 1 _aWagner, W.
_9115854
700 1 _aRamm, H.
_995196
700 1 _aBatanero, Juan.
_926404
852 _aES-MaACL
_jG-4435-37
_bR.72634
999 _c114565
_d114565